Gene Wilder Movies Quiz Stats

 Plays Quiz Updated Aug 29, 2016

Score 0/22 Timer 08:00
1 Play Today
Year Movie % Correct
1971Willy Wonka & the Chocolate Factory
90.4%
1974Blazing Saddles
86.1%
1974Young Frankenstein
83.5%
1968The Producers
61.2%
1976Silver Streak
42.4%
1980Stir Crazy
41.2%
1989See No Evil, Hear No Evil
39.7%
1984The Woman in Red
23.6%
1967Bonnie and Clyde
21.6%
1979The Frisco Kid
18.1%
1986Haunted Honeymoon
16.6%
Year Movie % Correct
1975The Adventure of Sherlock Holmes' Smarter Brother
15%
1972Everything You Always Wanted to Know About Sex But Were Afraid to Ask
14.1%
1974The Little Prince
10.9%
1991Another You
10.8%
1977The World's Greatest Lover
10.2%
1982Hanky Panky
10%
1970Start the Revolution Without Me
8.9%
1990Funny About Love
7.8%
1974Rhinoceros
6.8%
1970Quackser Fortune Has a Cousin in the Bronx
6.3%
1980Sunday Lovers
6.1%

You're not logged in!

Compare scores with friends on all Sporcle quizzes.
OR
Log In

Sporcle TV

Today on Sporcle TV


Watch our educational content, quiz creation guides, and fun videos on Sporcle TV.

Show Comments

Extras

Top Quizzes Today


Score Distribution

Your Account Isn't Verified!

In order to create a playlist on Sporcle, you need to verify the email address you used during registration. Go to your Sporcle Settings to finish the process.

Report this User

Report this user for behavior that violates our Community Guidelines.

Details: